[Event "Loire-ch Top20 1415"]
[Site "Loire"]
[Date "2015.03.28"]
[Round "6"]
[White "Doran, Niall"]
[Black "Bacyk, Bruno"]
[Result "1-0"]
[WhiteElo "1711"]
[BlackElo "1682"]
[PlyCount "87"]
[EventDate "2014.10.04"]
[EventType "swiss"]
[EventRounds "7"]
[EventCountry "FRA"]
[SourceTitle "EXT 2016"]
[Source "ChessBase"]
[SourceDate "2015.10.08"]
[SourceVersion "1"]
[SourceVersionDate "2015.10.08"]
[SourceQuality "1"]

1. e4 c6 2. d4 d5 3. exd5 cxd5 4. c4 Nf6 5. Nf3 Be6 6. Qb3 dxc4 7. Qxb7 Bd5 8. Qb5+ Qd7 9. Qxd7+ Nbxd7 10. Be2 e6 11. Nc3 Bb4 12. 0-0 0-0 13. Bd2 Bxc3 14. Bxc3 Ne4 15. Nd2 Nxc3 16. bxc3 Nb6 17. a4 a5 18. Rfb1 Rfb8 19. Ra2 Bc6 20. Rab2 Nd7 21. Rxb8+ Rxb8 22. Rxb8+ Nxb8 23. Nxc4 Bxa4 24. Nxa5 Kf8 25. f3 Ke7 26. Kf2 Nc6 27. Nxc6+ Bxc6 28. Ke3 Kd6 29. Bd3 f5 30. Kf4 h6 31. h4 g6 32. g4 Bd7 33. Bc2 Bc6 34. Bb3 Bd7 35. c4 Be8 36. c5+ Ke7 37. Ke5 fxg4 38. fxg4 Bd7 39. g5 hxg5 40. hxg5 Bc8 41. Bc2 Kf7 42. Kd6 Ba6 43. Kd7 Bb5+ 44. c6 1-0

[Event "Brighton e2e4 Major"]
[Site "Brighton"]
[Date "2013.02.18"]
[Round "5"]
[White "Georgiev, Ivan1111"]
[Black "Doran, Niall"]
[Result "1-0"]
[WhiteElo "1775"]
[BlackElo "1692"]
[PlyCount "55"]
[EventDate "2013.02.16"]
[EventType "swiss"]
[EventRounds "9"]
[EventCountry "ENG"]
[SourceTitle "EXT 2014"]
[Source "ChessBase"]
[SourceDate "2013.11.20"]
[SourceVersion "1"]
[SourceVersionDate "2013.11.20"]
[SourceQuality "1"]

1. d4 Nf6 2. Nc3 g6 3. e4 d6 4. Bg5 Bg7 5. Qd2 0-0 6. 0-0-0 Nbd7 7. Bh6 c5 8. Bxg7 Kxg7 9. f4 Qa5 10. e5 dxe5 11. dxe5 Ng4 12. Nf3 a6 13. h3 Nh6 14. g4 b5 15. Kb1 Bb7 16. Bg2 Nb6 17. f5 f6 18. exf6+ exf6 19. fxg6 hxg6 20. g5 Nf5 21. gxf6+ Rxf6 22. Ne5 Bxg2 23. Qxg2 Rc8 24. Rhg1 Nc4 25. Rd7+ Kf8 26. Nxg6+ Ke8 27. Qb7 Ncd6 28. Re1+ 1-0

[Event "Brighton e2e4 Major"]
[Site "Brighton"]
[Date "2013.02.17"]
[Round "2"]
[White "Doran, Niall"]
[Black "Lewis, Jordan"]
[Result "1-0"]
[WhiteElo "1692"]
[BlackElo "1822"]
[PlyCount "59"]
[EventDate "2013.02.16"]
[EventType "swiss"]
[EventRounds "9"]
[EventCountry "ENG"]
[SourceTitle "EXT 2014"]
[Source "ChessBase"]
[SourceDate "2013.11.20"]
[SourceVersion "1"]
[SourceVersionDate "2013.11.20"]
[SourceQuality "1"]

1. e4 d5 2. exd5 Nf6 3. d4 Nxd5 4. Nf3 Bg4 5. Be2 e6 6. 0-0 Nc6 7. c4 Nb6 8. Be3 Qd7 9. Nc3 Bxf3 10. Bxf3 Nxc4 11. Qc2 Nxe3 12. fxe3 Rb8 13. d5 exd5 14. Bxd5 f6 15. Rad1 Bd6 16. Ne4 Nb4 17. Nxd6+ Kf8 18. Qc4 Qxd6 19. Be6 Qb6 20. Rd7 Nc2 21. Rf7+ Ke8 22. Bd7+ Kd8 23. Qxc2 Qxe3+ 24. Kh1 Qe5 25. Rd1 c5 26. Ba4+ Kc8 27. Bd7+ Kd8 28. Qa4 b5 29. Bxb5+ Kc8 30. Qa6+ 1-0

[Event "Loire-ch Top20 1213"]
[Site "Loire"]
[Date "2012.12.15"]
[Round "4"]
[White "Aumont Mathieu, Georges"]
[Black "Doran, Niall"]
[Result "1-0"]
[WhiteElo "1800"]
[BlackElo "1692"]
[PlyCount "81"]
[EventDate "2012.10.06"]
[EventType "swiss"]
[EventRounds "8"]
[EventCountry "FRA"]
[SourceTitle "EXT 2014"]
[Source "ChessBase"]
[SourceDate "2013.11.20"]
[SourceVersion "1"]
[SourceVersionDate "2013.11.20"]
[SourceQuality "1"]

1. e4 e6 2. d4 d5 3. Nd2 c5 4. Ngf3 Nc6 5. Bb5 Bd7 6. exd5 exd5 7. 0-0 Bd6 8. dxc5 Bxc5 9. Nb3 Qb6 10. Qxd5 Qxb5 11. Nxc5 Rd8 12. Ng5 Be6 13. Ngxe6 Rxd5 14. Nc7+ Kd8 15. Nxb5 Rxc5 16. Rd1+ Ke7 17. Nc3 Nf6 18. Be3 Re5 19. h3 Re8 20. Bf4 Rc5 21. Bd6+ Ke6 22. Bxc5 Kf5 23. g4+ Kg5 24. Re1 Rc8 25. Rad1 Kh4 26. Kg2 Nd8 27. Bxa7 Ne6 28. Be3 Rc4 29. Rd3 g5 30. b3 Nf4+ 31. Bxf4 Rxf4 32. Re7 Ng8 33. Rxb7 h5 34. f3 f5 35. Ne2 fxg4 36. Nxf4 gxf4 37. hxg4 Nf6 38. gxh5 Kxh5 39. Kh3 Kg5 40. Rb5+ Kg6 41. Rd6 1-0

[Event "Brighton e2e4 Major-B"]
[Site "Brighton"]
[Date "2012.02.15"]
[Round "1"]
[White "Norman, Dinah M"]
[Black "Doran, Niall"]
[Result "1/2-1/2"]
[WhiteElo "1883"]
[BlackElo "1693"]
[PlyCount "54"]
[EventDate "2012.02.15"]
[EventType "swiss"]
[EventRounds "9"]
[EventCountry "ENG"]
[SourceTitle "EXT 2014"]
[Source "ChessBase"]
[SourceDate "2013.11.20"]
[SourceVersion "1"]
[SourceVersionDate "2013.11.20"]
[SourceQuality "1"]

1. d4 Nf6 2. Nf3 d5 3. e3 e6 4. Bd3 Be7 5. Nbd2 0-0 6. 0-0 b6 7. c3 c5 8. a4 c4 9. Bc2 Bb7 10. Ne5 Nc6 11. f4 Nd7 12. Nxc6 Bxc6 13. e4 Qc7 14. e5 b5 15. axb5 Bxb5 16. Nf3 Rfb8 17. f5 a5 18. fxe6 fxe6 19. Ng5 Bxg5 20. Bxg5 Nf8 21. Qg4 Be8 22. Ra2 Ra6 23. Qh3 Bg6 24. Bxg6 Nxg6 25. Rfa1 Rba8 26. Qf3 Qb6 27. Qe2 Rf8 1/2-1/2

[Event "Gatwick e2e4 int op-B"]
[Site "Gatwick"]
[Date "2011.10.28"]
[Round "5"]
[White "Doran, Niall"]
[Black "Clayton, Tristan"]
[Result "1/2-1/2"]
[WhiteElo "1611"]
[BlackElo "1822"]
[PlyCount "41"]
[EventDate "2011.10.26"]
[EventType "swiss"]
[EventRounds "9"]
[EventCountry "ENG"]
[SourceTitle "EXT 2014"]
[Source "ChessBase"]
[SourceDate "2013.11.20"]
[SourceVersion "1"]
[SourceVersionDate "2013.11.20"]
[SourceQuality "1"]

1. e4 c6 2. d4 d5 3. exd5 cxd5 4. c4 Nf6 5. Nc3 Nc6 6. Nf3 Bg4 7. Be3 e6 8. h3 Bxf3 9. Qxf3 dxc4 10. Bxc4 Be7 11. 0-0 0-0 12. Rfd1 Rc8 13. Rac1 Qa5 14. a3 Rfd8 15. Bd3 e5 16. Ne4 exd4 17. Nxf6+ Bxf6 18. Bd2 Qd5 19. Be4 Qb5 20. Bd3 Qd5 21. Be4 1/2-1/2

[Event "Loire-ch op"]
[Site "Loire"]
[Date "2002.05.25"]
[Round "8"]
[White "Doran, Niall"]
[Black "Langlade, Remi"]
[Result "1-0"]
[WhiteElo "1100"]
[BlackElo "1499"]
[PlyCount "113"]
[EventDate "2001.02.??"]
[EventType "swiss"]
[EventRounds "9"]
[EventCountry "FRA"]
[SourceTitle "EXT 2008"]
[Source "ChessBase"]
[SourceDate "2007.11.25"]
[SourceVersion "1"]
[SourceVersionDate "2007.11.25"]
[SourceQuality "1"]

1. e4 e5 2. Nf3 Nc6 3. Bc4 Bc5 4. 0-0 d6 5. d3 h6 6. Be3 Bg4 7. Bxc5 dxc5 8. Qd2 Nd4 9. Nxe5 Bh5 10. f3 Qf6 11. Ng4 Qg6 12. c3 Nf5 13. exf5 Qxf5 14. Qe3+ Kf8 15. Re1 Bxg4 16. fxg4 Qxg4 17. Qxc5+ Ne7 18. Qxe7+ Kg8 19. Bxf7+ Kh7 20. Qe4+ Qxe4 21. Rxe4 Rhf8 22. Rf4 Rad8 23. d4 g5 24. Rf1 Kg7 25. Bh5 Rd5 26. Rxf8 Kxf8 27. Nd2 c5 28. Rf1+ Ke7 29. Nb3 b6 30. Rf7+ Ke6 31. Rxa7 cxd4 32. Bf7+ Kd6 33. Bxd5 Kxd5 34. Nxd4 Ke4 35. Ra6 h5 36. Rxb6 g4 37. Rh6 g3 38. hxg3 Kd3 39. a4 Kd2 40. a5 h4 41. gxh4 Kc1 42. a6 Kxb2 43. Rc6 Kc1 44. a7 Kd1 45. Nf5 Ke2 46. a8Q Kd2 47. Qa2+ Kd3 48. Rd6+ Ke4 49. Qd5+ Kf4 50. Qd4+ Kxf5 51. Rd5+ Ke6 52. Qe5+ Kf7 53. Rd7+ Kg6 54. Rd6+ Kf7 55. Qe6+ Kg7 56. Qe7+ Kg8 57. Rd8# 1-0